[Event "45th Olympiad Budapest 2024"]
[Site "Budapest"]
[Date "2024.09.20"]
[Round "9.1"]
[White "Giri, Anish"]
[Black "Supi, Luis Paulo"]
[Result "1-0"]
[WhiteElo "2724"]
[BlackElo "2570"]
[PlyCount "69"]
[EventDate "2024.09.11"]
[EventType "team"]
[EventRounds "11"]
[EventCountry "HUN"]
[WhiteTeam "Netherlands"]
[BlackTeam "Brazil"]
[WhiteTeamCountry "NED"]
[BlackTeamCountry "BRA"]

1. Nf3 {ChessBase} Nf6 2. g3 g6 3. Bg2 Bg7 4. O-O O-O 5. d4 d6 6. c4 c6 7. Nc3 Bf5 8. Be3 ({RR} 8. Bg5 h6 ({RR} 8... Ne4) 9. Be3 Na6 10. Qc1 Kh7 11. h3 Rb8 12. g4 Bd7 13. Qd2 Nc7 14. a4 b5 15. axb5 cxb5 16. b3 bxc4 17. bxc4 Rb4 18. Qd3 a6 19. d5 ({RR} 19. Bd2) 19... e6 20. Nd4 exd5 21. cxd5 Re8 22. Rfb1 Rxb1+ {Aronian,L (2804)-Ponomariov,R (2717) Bilbao 2014 CBM 163 [ChessBase] 1-0 (51)}) 8... Re8 $146 ({RR} 8... Ne4 9. Nxe4 Bxe4 10. Qd2 Nd7 11. Bh3 Bxf3 12. exf3 d5 13. cxd5 cxd5 14. Rfc1 e6 15. a4 a5 16. b4 Nb6 17. Bf1 Nc8 18. Rc5 axb4 19. Qxb4 Nd6 20. Rac1 Bf6 21. Rc7 e5 22. dxe5 Bxe5 23. f4 {Bates,R (2358)-Mack,A (2275) Birmingham 2002 1-0 (32)}) ({RR} 8... Ne4 9. Rc1 Na6 10. Nh4 Nxc3 11. Rxc3 Bd7 12. b3 Qa5 13. Qd2 Rfe8 14. Rd1 Rad8 15. Rcc1 Qxd2 16. Rxd2 Bc8 17. Rcd1 f5 18. Nf3 Bf6 19. h4 Kg7 20. Bf4 Nc7 21. Rd3 Be6 22. Ng5 Bg8 23. e4 {Samunenkov,I (2533)-Svane,F (2625) chess.com INT 2024 ½-½ (73)}) ({RR} 8... Na6 9. h3 Rb8 10. Rc1 Nc7 11. Nh4 Bd7 12. Qd2 Re8 13. b4 b5 14. c5 a5 15. a3 Ra8 16. Bh6 Bh8 17. e4 axb4 18. axb4 dxc5 19. bxc5 Be6 20. Rb1 Bc4 21. Rfd1 Nd7 22. Bf1 Bxf1 23. Kxf1 {Sloth,J (2385)-Kristiansen,J (2395) Denmark 1986 ½-½}) ({RR} 8... Ne4 9. Nxe4 Bxe4 10. Qd2 a5 11. Bh3 Bxf3 12. exf3 b5 13. Rac1 Nd7 14. f4 Nb6 15. b3 bxc4 16. bxc4 d5 17. c5 Nc4 18. Qc3 e6 19. Rb1 Qc7 20. Rb3 Rfb8 21. Rfb1 a4 22. Rb4 a3 23. R1b3 {Frank,P (2182)-Tomitz,H (2010) St Veit 2017 1-0 (44)}) 9. Rc1 Qd7 10. Qb3 e5 11. dxe5 dxe5 12. Rfd1 Qe7 13. h3 h5 14. Ng5 Na6 15. c5 e4 16. Rd6 Rab8 17. Rcd1 Nc7 18. Ngxe4 Bxe4 19. Nxe4 Nxe4 20. Rd7 Qe6 21. Bxe4 Qxb3 22. axb3 Rxe4 23. Rxc7 Bxb2 24. Rdd7 Rb4 25. Rxf7 Rxb3 26. Bf4 a5 27. e4 Re8 28. Rfd7 g5 29. Bd6 Rd3 30. Rxb7 Bd4 31. Ra7 Rd2 32. Rf7 a4 33. Rf5 Kh8 34. e5 Rc2 35. Rff7 1-0

[Event "45th Olympiad Budapest 2024"]
[Site "Budapest"]
[Date "2024.09.20"]
[Round "9.2"]
[White "Fier, Alexandr"]
[Black "Van Foreest, Jorden"]
[Result "0-1"]
[WhiteElo "2551"]
[BlackElo "2696"]
[PlyCount "132"]
[EventDate "2024.09.11"]
[EventType "team"]
[EventRounds "11"]
[EventCountry "HUN"]
[WhiteTeam "Brazil"]
[BlackTeam "Netherlands"]
[WhiteTeamCountry "BRA"]
[BlackTeamCountry "NED"]

1. e4 e5 2. Nf3 Nc6 3. Bb5 Nf6 4. O-O Nxe4 5. Re1 Nd6 6. Nxe5 Be7 7. Bf1 Nf5 8. Nf3 O-O 9. d4 d5 10. Nc3 Bb4 11. a3 Ba5 12. h3 Nce7 13. b4 Bb6 14. Na4 Ng6 $146 15. Nc5 c6 16. Bd3 Nd6 17. Bg5 f6 18. Bd2 Bc7 19. Ne6 Bxe6 20. Rxe6 Qd7 21. Re1 Rae8 22. c3 Ne4 23. Qc2 f5 24. c4 Qd6 25. cxd5 cxd5 26. Rac1 Bb8 27. Kf1 h6 28. Qa2 Kh7 29. Be3 Rd8 30. Bb1 Qa6+ 31. Kg1 Qf6 32. Qe2 Rfe8 33. Qb5 Re7 34. Qa5 Re6 35. Qb5 Qe7 36. Red1 a6 37. Qf1 Nh4 38. Nxh4 Qxh4 39. Kh1 f4 40. Bd2 Kh8 41. Bxe4 dxe4 42. f3 e3 43. Be1 Qe7 44. Qe2 Red6 45. Bc3 Rd5 46. Rd3 Be5 47. Rcd1 Qd7 48. Qb2 Bf6 49. Qb3 Bh4 50. Qa2 Rc8 51. Be1 Bxe1 52. Rxe1 Rxd4 53. Rxd4 Qxd4 54. Qe6 Qc4 55. Qe7 Qd5 56. a4 Kh7 57. a5 Rc2 58. Rg1 Rd2 59. Qe8 Qd3 60. Kh2 Rf2 61. Qe5 e2 62. Rc1 Qg6 63. Rg1 Qg3+ 64. Kh1 Rxg2 65. Qe4+ Qg6 66. Qxg6+ Rxg6 0-1

[Event "45th Olympiad Budapest 2024"]
[Site "Budapest"]
[Date "2024.09.20"]
[Round "9.3"]
[White "Warmerdam, Max"]
[Black "Quintiliano, Renato R."]
[Result "1/2-1/2"]
[WhiteElo "2679"]
[BlackElo "2499"]
[PlyCount "178"]
[EventDate "2024.09.11"]
[EventType "team"]
[EventRounds "11"]
[EventCountry "HUN"]
[WhiteTeam "Netherlands"]
[BlackTeam "Brazil"]
[WhiteTeamCountry "NED"]
[BlackTeamCountry "BRA"]

1. e4 c5 2. Nf3 d6 3. d4 cxd4 4. Nxd4 Nf6 5. Nc3 a6 6. Qd3 Nbd7 7. f3 ({RR} 7. a4 Nc5 8. Qe3 e5 9. Nb3 Nxb3 10. cxb3 Be6 11. Bc4 Be7 12. O-O Rc8 13. Qe2 O-O 14. Rd1 Qc7 15. Bg5 Bxc4 16. bxc4 Qxc4 17. Qf3 Qe6 18. Bxf6 Bxf6 19. Nd5 Rc6 20. Ra3 Rb8 21. g3 Bd8 {Carlsen,M (2862)-Vachier Lagrave,M (2784) chess24.com INT 2021 ½-½ (60)}) ({RR} 7. Be2 b5 8. Nd5 Bb7 9. a4 bxa4 10. Qc4 Nxd5 11. exd5 Qa5+ 12. Bd2 Qxd5 13. Qxd5 Bxd5 14. O-O e5 15. Nf5 Nc5 16. Bb4 Be6 17. Ne3 d5 18. c3 Rb8 19. Rfd1 d4 20. Nc2 Bb3 21. Bxc5 Bxc5 {Gassner,Y (1993)-Van Oosterom,C (2409) Utrecht NED 2024 0-1}) ({RR} 7. Be2 g6 8. Qg3 Bg7 9. Be3 b5 10. a4 bxa4 11. f3 Bb7 12. Rxa4 O-O 13. O-O Nc5 14. Ra3 Qc7 15. Rd1 Rfb8 16. b4 Ncd7 17. Na4 e5 18. Rc3 Qd8 19. Nc6 Bxc6 20. Rxc6 Rxb4 21. Nc3 Rc8 {Warmerdam,M (2230)-Burg,T (2508) Leiden 2015 ½-½}) 7... Nc5 $146 ({RR} 7... g6 8. Be3 Bg7 9. Qd2 h6 10. Be2 Qc7 11. O-O b5 12. a4 b4 13. Na2 d5 14. exd5 Nxd5 15. Nxb4 Nxe3 16. Qxe3 O-O 17. c3 Bb7 18. Rfd1 Kh7 19. Nb3 e6 20. Na5 Bc8 21. Nc4 a5 22. Nc2 {Vallejo Pons,F (2716)-Yuffa,D (2587) Sant Boi ESP 2022 ½-½ (42)}) 8. Qd2 g6 9. Nb3 Nxb3 10. axb3 Bg7 11. Qf2 O-O 12. Be3 Be6 13. Bd4 Rc8 14. Be2 Nd7 15. f4 Bxd4 16. Qxd4 Qb6 17. Qxb6 Nxb6 18. Ra5 f5 19. e5 Rfd8 20. exd6 Rxd6 21. Bf3 Rc7 22. Re5 Nd7 23. Re2 Nf6 24. Kf2 b5 25. Rhe1 Kf7 26. g3 Bc8 27. Na2 a5 28. Nc1 b4 29. c4 bxc3 30. bxc3 Bb7 31. Bxb7 Rxb7 32. c4 Ne4+ 33. Kg2 Nc5 34. Ra2 Nxb3 35. Nxb3 Rxb3 36. Re5 a4 37. Ra5 Rc3 38. R5xa4 Rd4 39. Re2 Rdxc4 40. Rxc4 Rxc4 41. Ra2 h6 42. h4 Rd4 43. Kf2 g5 44. hxg5 hxg5 45. Kf3 Rd3+ 46. Kf2 Kf6 47. Rb2 e6 48. Ra2 Rd4 49. Kf3 Rb4 50. Re2 Rb6 51. Re3 Ra6 52. Re2 Kg6 53. Re3 Kh5 54. Re2 Rb6 55. Rh2+ Kg6 56. Re2 Kf6 57. Ra2 e5 58. fxe5+ Kxe5 59. Ra5+ Kf6 60. Kf2 Rb2+ 61. Kf1 Rb4 62. Kf2 Ke6 63. Ra2 Ke5 64. Re2+ Kd5 65. Rd2+ Rd4 66. Ra2 Rd3 67. Ra5+ Ke4 68. Ra4+ Rd4 69. Ra2 Rb4 70. Re2+ Kd5 71. Rd2+ Ke5 72. Re2+ Kf6 73. Ra2 Kg6 74. Ra5 Rb2+ 75. Kf1 Rd2 76. Rb5 Kf6 77. Ra5 Ke6 78. Rb5 Rd5 79. Rb2 Ke5 80. Kf2 Rc5 81. Re2+ Kf6 82. Ra2 Kg6 83. Ra6+ Kh5 84. Ra4 Rc2+ 85. Kf1 Rd2 86. Rb4 Rd5 87. Kf2 Re5 88. g4+ fxg4 89. Rb8 Rf5+ 1/2-1/2

[Event "45th Olympiad Budapest 2024"]
[Site "Budapest"]
[Date "2024.09.20"]
[Round "9.4"]
[White "Do Valle Cardoso, Lucas"]
[Black "Bok, Benjamin"]
[Result "0-1"]
[WhiteElo "2364"]
[BlackElo "2596"]
[PlyCount "76"]
[EventDate "2024.09.11"]
[EventType "team"]
[EventRounds "11"]
[EventCountry "HUN"]
[WhiteTeam "Brazil"]
[BlackTeam "Netherlands"]
[WhiteTeamCountry "BRA"]
[BlackTeamCountry "NED"]

1. e4 c5 2. Nf3 d6 3. d4 cxd4 4. Nxd4 Nf6 5. Nc3 a6 6. Bg5 e6 7. f4 Nbd7 8. Qf3 Qc7 9. O-O-O b5 10. e5 Bb7 11. Qh3 dxe5 12. Nxe6 fxe6 13. Qxe6+ Be7 14. Bxf6 gxf6 15. Bxb5 axb5 16. Nxb5 Qc6 17. Nd6+ Kd8 18. Nxb7+ Qxb7 19. Rxd7+ Qxd7 20. Rd1 Qxd1+ 21. Kxd1 exf4 22. b4 Re8 23. b5 Ra7 24. c4 Rd7+ 25. Kc2 Rd2+ 26. Kb1 Bd6 $146 ({RR} 26... Rd1+ 27. Kc2 Rc1+ 28. Kd3 Rd1+ 29. Kc2 Rc1+ 30. Kd3 Rd1+ 31. Kc2 {½-½ (31) Petrovskiy,V (2138)-Aslanov,U (2019) Chess.com INT 2021}) 27. Qxf6+ Kc7 28. Kc1 Rxg2 29. Kd1 Rg1+ 30. Kc2 Re2+ 31. Kd3 Re3+ 32. Kc2 Rg2+ 33. Kd1 Rd3+ 34. Ke1 f3 35. Qf7+ Kb6 36. c5+ Bxc5 37. Qf6+ Kxb5 38. a4+ Ka5 0-1

[Event "45th Olympiad Budapest 2024"]
[Site "Budapest"]
[Date "2024.09.20"]
[Round "9.1"]
[White "Navara, David"]
[Black "Duda, Jan-Krzysztof"]
[Result "1/2-1/2"]
[WhiteElo "2681"]
[BlackElo "2732"]
[PlyCount "65"]
[EventDate "2024.09.11"]
[EventType "team"]
[EventRounds "11"]
[EventCountry "HUN"]
[WhiteTeam "Czech Republic"]
[BlackTeam "Poland"]
[WhiteTeamCountry "CZE"]
[BlackTeamCountry "POL"]

1. d4 Nf6 2. c4 e6 3. Nf3 d5 4. Nc3 c5 5. cxd5 cxd4 6. Qxd4 exd5 7. e4 dxe4 8. Qxd8+ Kxd8 9. Ng5 Be6 10. Nxe6+ fxe6 11. Bg5 h6 12. O-O-O+ Ke7 13. Bxf6+ gxf6 14. Nxe4 f5 15. Nd6 Nc6 $146 ({RR} 15... Bg7 16. Bc4 Nc6 17. Rhe1 Ne5 18. Bb3 Rhd8 19. Nxb7 Nd3+ 20. Kb1 Nxe1 21. Nxd8 Rxd8 22. Rxe1 Rd2 23. Rxe6+ Kf8 24. Ra6 Rxf2 25. Bd5 Rxb2+ 26. Kc1 Rb5 27. Bb3 Bd4 28. Rg6 Rb6 29. Rxb6 Bxb6 30. Kd2 {Tanmay,C (2329)-Milikow,Y (2416) Stockholm SWE 2023 ½-½ (32)}) ({RR} 15... Bg7 16. Bc4 Nd7 17. Rhe1 Ne5 18. Bxe6 Kxe6 19. f4 Rhd8 20. fxe5 Rd7 21. Rd2 Rc7+ 22. Rc2 Rxc2+ 23. Kxc2 b6 24. Kb3 a6 25. a4 Rd8 26. Re2 Rd7 27. Kb4 Rc7 28. Nc4 Bf8+ 29. Kb3 Bc5 30. Nd2 {Tsvetkov,A (2423)-Grebnev,A (2550) Yekaterinburg RUS 2024 1-0 (49)}) 16. Bb5 Bg7 17. Rhe1 Rhf8 18. Bxc6 bxc6 19. Nc4 Rfd8 20. Ne5 Rxd1+ 21. Kxd1 Kd6 22. f4 Bxe5 23. Rxe5 Rg8 24. g3 h5 25. Ke2 h4 26. Kf3 hxg3 27. hxg3 Rb8 28. Re2 c5 29. b3 a5 30. Rd2+ Kc6 31. Re2 Kd6 32. Rd2+ Kc6 33. Re2 1/2-1/2

[Event "45th Olympiad Budapest 2024"]
[Site "Budapest"]
[Date "2024.09.20"]
[Round "9.2"]
[White "Wojtaszek, Radoslaw"]
[Black "Nguyen, Thai Dai Van"]
[Result "1/2-1/2"]
[WhiteElo "2681"]
[BlackElo "2647"]
[PlyCount "69"]
[EventDate "2024.09.11"]
[EventType "team"]
[EventRounds "11"]
[EventCountry "HUN"]
[WhiteTeam "Poland"]
[BlackTeam "Czech Republic"]
[WhiteTeamCountry "POL"]
[BlackTeamCountry "CZE"]

1. d4 d5 2. c4 e6 3. Nc3 c6 4. e4 dxe4 5. Nxe4 Bb4+ 6. Bd2 Qxd4 7. Bxb4 Qxe4+ 8. Be2 Na6 9. Bd6 Qxg2 10. Bf3 Qg5 11. Ne2 Ne7 12. Ng3 e5 ({RR} 12... Nf5 13. Nxf5 exf5 14. Qb3 Nb8 15. Kf1 Qh6 16. c5 b5 17. cxb6 axb6 18. Re1+ Be6 19. Qxb6 Qh3+ 20. Ke2 Nd7 21. Qxc6 Rb8 22. b4 g5 23. Qc3 f6 24. Kd2 Kf7 25. Rxe6 Kxe6 26. Re1+ Kxd6 27. Qc6# {Tari,A (2635)-Maurizzi,M (2597) Djerba TUN 2024 1-0}) 13. Qe2 $146 ({RR} 13. Qb3 O-O 14. h4 Qf6 15. Ne4 Qe6 16. O-O-O Re8 17. Rhg1 Nf5 18. Bh5 Nd4 19. Qd3 g6 20. f4 c5 21. fxe5 Nb4 22. Qf1 Qf5 23. Rxd4 cxd4 24. Nf6+ Kh8 25. Bxb4 Rxe5 26. Bd1 Be6 27. Bd6 Bxc4 {Abdusattorov,N (2716)-Erigaisi,A (2712) Doha QAT 2023 1-0 (49)}) 13... Be6 14. h4 Qf4 15. Nh5 Qxc4 16. Nxg7+ Kd7 17. Bxe5 Qxe2+ 18. Bxe2 Rhf8 19. O-O-O+ Bd5 20. Rhe1 Nc5 21. Bf6 Ne6 22. Bg4 Ng8 23. Nxe6 fxe6 24. Bxe6+ Kd6 25. Bc3 Nf6 26. Bf5 Rae8 27. Rxe8 Rxe8 28. f4 Rf8 29. Be5+ Kc5 30. a3 Kb6 31. Bd4+ Kc7 32. Rg1 Nd7 33. Bxd7 Kxd7 34. Rg7+ Rf7 35. Rxf7+ 1/2-1/2

[Event "45th Olympiad Budapest 2024"]
[Site "Budapest"]
[Date "2024.09.20"]
[Round "9.3"]
[White "Krejci, Jan"]
[Black "Piorun, Kacper"]
[Result "0-1"]
[WhiteElo "2556"]
[BlackElo "2599"]
[PlyCount "70"]
[EventDate "2024.09.11"]
[EventType "team"]
[EventRounds "11"]
[EventCountry "HUN"]
[WhiteTeam "Czech Republic"]
[BlackTeam "Poland"]
[WhiteTeamCountry "CZE"]
[BlackTeamCountry "POL"]

1. d4 e6 2. c4 b6 3. Nf3 Bb7 4. g3 Bb4+ 5. Bd2 Bxf3 6. exf3 Bxd2+ 7. Qxd2 Nf6 8. Nc3 d5 9. cxd5 Nxd5 10. Bb5+ ({RR} 10. Bd3 c6 11. O-O O-O 12. Rac1 Nd7 13. Nxd5 cxd5 14. Ba6 Nf6 15. Rc6 Qe7 16. Rfc1 Rfd8 17. a3 Ne8 18. f4 g6 19. h4 h5 20. Qe3 Rd6 21. R6c3 Rad8 22. Qe5 Qd7 23. b3 Qe7 24. Bb5 Kh7 {Eljanov,P (2697)-Grischuk,A (2732) chess.com INT 2023 ½-½ (54)}) 10... c6 11. Ba4 $146 ({RR} 11. Bd3 O-O 12. f4 Nxc3 13. bxc3 Qd5 14. O-O Nd7 15. Rfe1 Nf6 16. Re5 Qd6 17. Rae1 Rfd8 18. Rd1 Rac8 19. Qe2 g6 20. h4 h5 21. Bxg6 fxg6 22. Rxe6 Qf8 23. Qe5 Kg7 24. Re7+ Kh8 25. Rxa7 Rd5 {Kowalski,I (2372)-Musial,T (2171) Katowice POL 2024 0-1 (52)}) 11... Ne7 12. O-O O-O 13. Rfd1 Nd7 14. Rac1 Rc8 15. Ne4 Rc7 16. h4 Qb8 17. Qg5 Re8 18. h5 h6 19. Qf4 Rd8 20. Kg2 Nf8 21. Rc2 a5 22. a3 Qa7 23. Qc1 Qb7 24. b4 axb4 25. axb4 Rcd7 26. Bxc6 Nxc6 27. Rxc6 f5 28. Nd2 Rxd4 29. Rc4 Rd3 30. Rc3 Qd5 31. Rxd3 Qxd3 32. Qc7 Rd5 33. Qxb6 Qe2 34. Ra1 Rxd2 35. Qc5 Nd7 0-1

[Event "45th Olympiad Budapest 2024"]
[Site "Budapest"]
[Date "2024.09.20"]
[Round "9.4"]
[White "Bartel, Mateusz"]
[Black "Vykouk, Jan"]
[Result "1/2-1/2"]
[WhiteElo "2618"]
[BlackElo "2483"]
[PlyCount "85"]
[EventDate "2024.09.11"]
[EventType "team"]
[EventRounds "11"]
[EventCountry "HUN"]
[WhiteTeam "Poland"]
[BlackTeam "Czech Republic"]
[WhiteTeamCountry "POL"]
[BlackTeamCountry "CZE"]

1. e4 c5 2. Nf3 d6 3. d4 cxd4 4. Nxd4 Nf6 5. Nc3 Nc6 6. Bg5 e6 7. Bb5 Bd7 8. Qd3 Qb6 9. Bxf6 gxf6 10. Nxc6 ({RR} 10. Bxc6 bxc6 11. O-O Be7 12. Kh1 O-O 13. f4 Kh8 14. Nb3 c5 15. Nd2 Rad8 16. Nc4 Qa6 17. Rad1 Bc6 18. Ne3 Qxd3 19. Rxd3 f5 20. exf5 d5 21. fxe6 fxe6 22. Ne2 Rg8 23. Rf2 Bh4 24. Ng3 Bxg3 {Lodici,L (2563)-Fier,A (2574) Maastricht NED 2024 ½-½ (76)}) 10... bxc6 11. Ba4 Be7 $146 ({RR} 11... h5 12. O-O h4 13. h3 Be7 14. Rab1 Kf8 15. Qf3 Bc8 16. b4 Bb7 17. b5 c5 18. Bb3 f5 19. Qf4 c4 20. exf5 Rg8 21. Ne4 Qd4 22. fxe6 Rg7 23. Rfe1 cxb3 24. axb3 Qe5 25. Qxe5 dxe5 26. exf7 {Assylov,M (2017)-Isanzhulov,A (2408) Almaty KAZ 2023 0-1}) 12. O-O h5 13. Rab1 h4 14. b4 h3 15. g3 Rc8 16. Nd1 c5 17. Bxd7+ Kxd7 18. c3 cxb4 19. Rxb4 Qc6 20. Ne3 Rh5 21. Rd1 Rc5 22. Qd4 a5 23. Rb2 Re5 24. f3 Qxc3 25. Rb7+ Ke8 26. Qa7 Bd8 27. Rxd6 Bc7 28. Rd1 Rd8 29. Rxd8+ Kxd8 30. Rb1 Rc5 31. Rd1+ Ke8 32. Ng4 Rb5 33. Nxf6+ Ke7 34. e5 Qc2 35. Rd7+ Kf8 36. Qa8+ Rb8 37. Qxb8+ Bxb8 38. Rd8+ Kg7 39. Rg8+ Kh6 40. Ng4+ Kh7 41. Nf6+ Kh6 42. Ng4+ Kh7 43. Nf6+ 1/2-1/2

[Event "45th Olympiad Budapest 2024"]
[Site "Budapest"]
[Date "2024.09.20"]
[Round "9.1"]
[White "Theodorou, Nikolas"]
[Black "Suleymanli, Aydin"]
[Result "1-0"]
[WhiteElo "2619"]
[BlackElo "2632"]
[PlyCount "85"]
[EventDate "2024.09.11"]
[EventType "team"]
[EventRounds "11"]
[EventCountry "HUN"]
[WhiteTeam "Greece"]
[BlackTeam "Azerbaijan"]
[WhiteTeamCountry "GRE"]
[BlackTeamCountry "AZE"]

1. e4 e5 2. Nf3 Nc6 3. Bc4 Nf6 4. d3 Bc5 5. c3 d6 6. Bg5 h6 7. Bh4 a5 8. a4 ({RR} 8. O-O Bb6 9. Kh1 g5 10. Bg3 Nh5 11. Nbd2 Bg4 12. h3 Bd7 13. Bb5 Nf4 14. Nc4 h5 15. Nxb6 cxb6 16. Nd2 Kf8 17. d4 Ne7 18. Bxd7 Qxd7 19. dxe5 dxe5 20. Nf3 Qc7 21. Nxg5 Rd8 22. Qc2 Neg6 {Firouzja,A (2777)-Carlsen,M (2835) Zagreb CRO 2023 1-0 (56)}) 8... Qe7 $146 ({RR} 8... Be6 9. Nbd2 g5 10. Bg3 O-O 11. Bxe6 fxe6 12. O-O Kh8 13. Nc4 Ba7 14. Re1 Nh5 15. Nfxe5 Nxg3 16. Ng6+ Kg7 17. Nxf8 Qxf8 18. Ne3 Nh1 19. Kxh1 Qxf2 20. Qh5 Ne5 21. d4 Ng6 22. Qxh6+ Kxh6 23. Ng4+ {Xie,B (2329)-Aadit,B (2051) Sunnyvale USA 2023 1-0 (42)}) ({RR} 8... O-O 9. Nbd2 Ba7 10. h3 g5 11. Nxg5 hxg5 12. Bxg5 Kg7 13. Qf3 Rh8 14. Nf1 Kg6 15. h4 Kg7 16. Ne3 Rh6 17. Bxh6+ Kxh6 18. g4 Bxe3 19. g5+ Bxg5 20. hxg5+ Kxg5 21. Qg3+ Bg4 22. Qh4+ Kf4 23. Qh6+ {Durarbayli,V (2628)-Zhu,J (2469) chess.com INT 2024 1-0}) ({RR} 8... Ba7 9. O-O g5 10. Bg3 O-O 11. Re1 Nh7 12. Nbd2 h5 13. h4 g4 14. Nh2 Ne7 15. Ndf1 Ng6 16. Qd2 Kg7 17. d4 Nxh4 18. Ne3 Qg5 19. Rad1 Ng6 20. Nf5+ Bxf5 21. Qxg5 Nxg5 22. exf5 Ne7 23. f6+ {Gong Qianyun (2223)-Balajayeva,K (2368) Baku AZE 2023 1-0 (55)}) ({RR} 8... Bd7 9. Na3 g5 10. Bg3 Nh5 11. Nb5 Nf4 12. Rg1 Bb6 13. Bxf4 gxf4 14. Qb3 Qf6 15. O-O-O O-O 16. g4 fxg3 17. Rxg3+ Kh8 18. Nd2 Qe7 19. Rf1 Nd8 20. f4 Ne6 21. fxe5 dxe5 22. Bxe6 Bxe6 23. Qd1 {Tsydypov,Z (2538)-Khismatullin,D (2594) Sochi RUS 2023 1-0 (35)}) 9. O-O g5 10. Bg3 Nd7 11. Nbd2 h5 12. h4 g4 13. Nh2 Nf8 14. Kh1 Be6 15. Bb5 Ng6 16. d4 exd4 17. f4 gxf3 18. Nhxf3 dxc3 19. bxc3 O-O 20. Nb3 Bb6 21. Nbd4 Nxd4 22. Nxd4 Bg4 23. Qd2 f6 24. Bc4+ Kh8 25. Ne6 Bxe6 26. Bxe6 Kg7 27. Bf5 Ne5 28. Qe2 Rh8 29. Rab1 Rag8 30. Rb5 Kf8 31. Bf4 Nf7 32. c4 Nh6 33. Bc8 Nf7 34. Bh3 Rh7 35. Qb2 Qxe4 36. c5 Bxc5 37. Rxb7 Qc4 38. Qb1 Bb6 39. Be6 Qe2 40. Bd5 Rg4 41. g3 Rxf4 42. Rxf4 Rh6 43. Bxf7 1-0

[Event "45th Olympiad Budapest 2024"]
[Site "Budapest"]
[Date "2024.09.20"]
[Round "9.2"]
[White "Mamedov, Rauf"]
[Black "Kourkoulos-Arditis, Stamatis"]
[Result "1-0"]
[WhiteElo "2637"]
[BlackElo "2570"]
[PlyCount "69"]
[EventDate "2024.09.11"]
[EventType "team"]
[EventRounds "11"]
[EventCountry "HUN"]
[WhiteTeam "Azerbaijan"]
[BlackTeam "Greece"]
[WhiteTeamCountry "AZE"]
[BlackTeamCountry "GRE"]

1. e4 e5 2. Nf3 Nc6 3. Bc4 Bc5 4. Nc3 Nf6 5. d3 h6 6. Be3 Bxe3 7. fxe3 d6 8. a3 ({RR} 8. Nd5 Nxd5 9. Bxd5 Ne7 10. Bb3 Ng6 11. O-O O-O 12. Rf2 Be6 {½-½ (12) Sokolov,A (2566)-Tkachiev,V (2672) France 2001}) 8... O-O ({RR} 8... Be6 9. Nd5 Bxd5 10. exd5 Ne7 11. e4 c6 12. dxc6 bxc6 13. b4 Qb6 14. h3 d5 15. exd5 cxd5 16. Bb3 O-O 17. Nxe5 Nf5 18. Nf3 Ng3 19. Kd2 Nxh1 20. Qxh1 a5 21. Qg1 Qd6 22. c3 axb4 23. axb4 {Okurowski,M (1738)-Gozdzikowski,F (1745) Warsaw POL 2024 0-1 (33)}) 9. Qe2 Be6 10. O-O-O $146 ({RR} 10. Bxe6 fxe6 11. Rg1 Nh7 12. O-O-O Ng5 13. Nd2 Nh7 14. g4 d5 15. exd5 exd5 16. Qg2 Ne7 17. h4 g6 18. Qg3 Nc6 19. e4 d4 20. Nd5 b5 21. Rdf1 Qd6 22. g5 h5 23. Rf6 Rxf6 24. gxf6 Nf8 {Piroska,I (2137)-Dankhazi,A (2329) Hungary 2017 1-0 (34)}) 10... d5 11. exd5 Nxd5 12. Bxd5 Bxd5 13. g4 Rb8 14. g5 h5 15. Rhg1 g6 16. Nd2 Kg7 17. Qf2 Be6 18. Nde4 Bf5 19. Nf6 Rh8 20. d4 b5 21. dxe5 Qe7 22. e4 Bh3 23. Rd3 Bc8 24. Nd7 Bxd7 25. Qf6+ Kg8 26. Qxe7 Nxe7 27. Rxd7 Nc6 28. e6 fxe6 29. Rxc7 Ne5 30. Re7 Nf3 31. Rg2 Rb6 32. Rf2 Nxg5 33. h4 Nh7 34. Rff7 g5 35. Rg7+ 1-0

[Event "45th Olympiad Budapest 2024"]
[Site "Budapest"]
[Date "2024.09.20"]
[Round "9.3"]
[White "Papaioannou, Ioannis"]
[Black "Mamedyarov, Shakhriyar"]
[Result "1/2-1/2"]
[WhiteElo "2615"]
[BlackElo "2733"]
[PlyCount "71"]
[EventDate "2024.09.11"]
[EventType "team"]
[EventRounds "11"]
[EventCountry "HUN"]
[WhiteTeam "Greece"]
[BlackTeam "Azerbaijan"]
[WhiteTeamCountry "GRE"]
[BlackTeamCountry "AZE"]

1. d4 Nf6 2. Nf3 d5 3. Bf4 c5 4. e3 Nc6 5. Nbd2 cxd4 6. exd4 a6 7. c3 Bf5 8. Be2 e6 9. O-O Bd6 10. Bxd6 Qxd6 11. Re1 O-O 12. a4 h6 13. a5 Qc7 14. Qa4 Nd7 15. h3 Rfe8 16. Bf1 Re7 $146 ({RR} 16... b5 17. axb6 Nxb6 18. Qa3 a5 19. Rac1 Red8 20. c4 dxc4 21. Nxc4 Nxd4 22. Nxd4 Rxd4 23. Nxa5 Qd7 24. Qb3 Rxa5 25. Qxb6 Ra7 26. Rc8+ Kh7 27. Rd8 Qxd8 28. Qxa7 Qf6 29. b3 g6 30. Bc4 h5 {½-½ (30) Tisma,I (2062)-Poupalos,N (2107) Veliko Gradiste 2022}) 17. Re3 Rae8 18. Qa3 Bg6 19. b4 e5 20. dxe5 Ndxe5 21. Nxe5 Rxe5 22. Rxe5 Qxe5 23. b5 axb5 24. Bxb5 Re6 25. Qc5 Qf4 26. Nf1 Ne7 27. Ne3 Be4 28. a6 bxa6 29. Rxa6 Rxa6 30. Bxa6 Qe5 31. Bb7 h5 32. f3 Bf5 33. Bxd5 Be6 34. c4 h4 35. Qb6 Qa1+ 36. Kh2 1/2-1/2

[Event "45th Olympiad Budapest 2024"]
[Site "Budapest"]
[Date "2024.09.20"]
[Round "9.1"]
[White "Vachier-Lagrave, Maxime"]
[Black "Vocaturo, Daniele"]
[Result "1/2-1/2"]
[WhiteElo "2731"]
[BlackElo "2600"]
[PlyCount "56"]
[EventDate "2024.09.11"]
[EventType "team"]
[EventRounds "11"]
[EventCountry "HUN"]
[WhiteTeam "France"]
[BlackTeam "Italy"]
[WhiteTeamCountry "FRA"]
[BlackTeamCountry "ITA"]

1. e4 c5 2. Nf3 g6 3. d4 cxd4 4. Nxd4 Nc6 5. Nc3 Bg7 6. Be3 Nf6 7. Bc4 O-O 8. Bb3 d6 9. f3 Qa5 10. Qd2 Nxd4 11. Bxd4 Be6 12. O-O-O b5 13. Kb1 b4 14. Bxe6 fxe6 15. Ne2 Qb5 16. h4 a5 17. h5 ({RR} 17. g4 a4 18. h5 Rac8 19. hxg6 hxg6 20. Nf4 e5 21. Nxg6 Rfe8 22. Qg5 Qc4 23. Bxe5 Qxc2+ 24. Ka1 dxe5 25. Rh8+ Bxh8 26. Nxh8+ Kxh8 27. Rh1+ Nh7 28. Qh6 Qc1+ 29. Rxc1 Rxc1+ 30. Qxc1 Rd8 31. Kb1 b3 {Rappazzo,J (2116)-Daksh Jain (1993) Basel SUI 2024 1-0 (36)}) 17... gxh5 $146 ({RR} 17... e5 18. h6 Bh8 19. Be3 d5 20. exd5 Rfd8 21. Qd3 Qxd5 22. Qb3 Qxb3 23. axb3 Nd5 24. Bc1 e6 25. Ng3 a4 26. Ne4 a3 27. bxa3 bxa3 28. Rd2 Rdb8 29. Rhd1 Ne3 30. Ka2 Nxd1 31. Rxd1 Rc8 32. c4 {Hagner,B (2151)-Le Montagner,Y (2035) Fagernes 2022 1-0 (43)}) ({RR} 17... e5 18. h6 Bh8 19. Be3 a4 20. Qd3 Qc6 21. Bg5 Ra5 22. Rd2 Rc8 23. Rhd1 Rc5 24. Be3 Rb5 25. Nc1 d5 26. exd5 Nxd5 27. Qxb5 Qxb5 28. Rxd5 Qc4 29. Rd8+ Kf7 30. Rxc8 Qxc8 31. Nd3 Qc4 32. b3 {Ujtumen,T-Avner,U Krakow 1964 0-1 (58)}) 18. Ng3 a4 19. Bxf6 Bxf6 20. Rxh5 Qc4 21. e5 Bxe5 22. Rxe5 dxe5 23. Qg5+ Kf7 24. Qh5+ Kg8 25. Qg5+ Kf7 26. Qh5+ Kg8 27. Qg5+ Kf7 28. Qh5+ Kg8 1/2-1/2